[Event "Santo Domingo Independencia op 8th"]
[Site "Santo Domingo"]
[Date "2019.02.16"]
[Round "2"]
[White "Jaquez, Juan Manuel"]
[Black "Brito Cedeno, Pedro Maria"]
[Result "1-0"]
[WhiteElo "2223"]
[BlackElo "1866"]
[PlyCount "87"]
[EventDate "2019.02.15"]
[EventType "swiss"]
[EventRounds "8"]
[EventCountry "DOM"]
[SourceTitle "CBM 189 Extra"]
[Source "ChessBase"]
[SourceDate "2019.06.03"]
[SourceVersion "1"]
[SourceVersionDate "2019.06.03"]
[SourceQuality "1"]

1. e4 e6 2. d3 d5 3. Nd2 b6 4. Ngf3 Bb7 5. c3 c5 6. e5 Ne7 7. d4 Ng6 8. h4 Be7 9. h5 Nf8 10. Bd3 Nfd7 11. Qe2 Nc6 12. a3 a6 13. Nf1 cxd4 14. cxd4 b5 15. Bf4 Na5 16. Ne3 Nc4 17. g4 h6 18. Kf1 Rc8 19. Kg2 Ndb6 20. Rhb1 0-0 21. Bc2 Nxe3+ 22. fxe3 f5 23. gxf5 exf5 24. Rg1 Kh8 25. Kh1 Rc6 26. Qg2 Bg5 27. Nxg5 hxg5 28. Bxg5 Qc7 29. Bd3 Qf7 30. Qh2 Nc4 31. Rg3 Bc8 32. Bf4 Bd7 33. Rag1 a5 34. Rg6 b4 35. axb4 axb4 36. Qg2 Rg8 37. Bh6 Rxg6 38. hxg6 Qe6 39. Bf4 Rc8 40. Qh2+ Kg8 41. Rg5 Kf8 42. Rxf5+ Qxf5 43. Bxf5 Bxf5 44. Qh8+ 1-0

[Event "Santo Domingo Regional-ch"]
[Site "Santo Domingo"]
[Date "2016.03.11"]
[Round "1"]
[White "Matos Aracena, Juan Odalis A"]
[Black "Brito Cedeno, Pedro Maria"]
[Result "0-1"]
[WhiteElo "1656"]
[BlackElo "1899"]
[PlyCount "58"]
[EventDate "2016.03.11"]
[EventType "swiss"]
[EventRounds "7"]
[EventCountry "DOM"]
[SourceTitle "EXT 2017"]
[Source "ChessBase"]
[SourceDate "2016.10.25"]
[SourceVersion "1"]
[SourceVersionDate "2016.10.25"]
[SourceQuality "1"]

1. e4 e6 2. Nc3 d5 3. exd5 exd5 4. d4 Nf6 5. Nf3 Bd6 6. Bg5 c6 7. Qe2+ Be6 8. 0-0-0 0-0 9. h3 Nbd7 10. g4 Qc7 11. Bh4 Rfe8 12. Qd3 b5 13. g5 Nh5 14. Be2 Nf4 15. Qd2 b4 16. Na4 Nxe2+ 17. Qxe2 Bf5 18. Qf1 Nb6 19. Nc5 Bxc5 20. dxc5 Qf4+ 21. Kb1 Qxf3 22. cxb6 axb6 23. Bg3 Re2 24. Rc1 Rae8 25. h4 b3 26. axb3 Qxb3 27. Qd1 Ra8 28. Qxd5 Bxc2+ 29. Rxc2 Qxc2# 0-1

[Event "Santo Domingo Duarte Memorial 5th"]
[Site "Santo Domingo"]
[Date "2016.01.16"]
[Round "6"]
[White "Franco Rodriguez, Andres Avelino"]
[Black "Brito Cedeno, Pedro Maria"]
[Result "1-0"]
[WhiteElo "2100"]
[BlackElo "1901"]
[PlyCount "159"]
[EventDate "2016.01.08"]
[EventType "swiss"]
[EventRounds "8"]
[EventCountry "DOM"]
[SourceTitle "CBM 170 Extra"]
[Source "ChessBase"]
[SourceDate "2016.02.25"]
[SourceVersion "1"]
[SourceVersionDate "2016.02.25"]
[SourceQuality "1"]

1. d4 d5 2. Nf3 e6 3. c4 Nf6 4. Nc3 Be7 5. Bf4 a6 6. c5 Nc6 7. e3 0-0 8. Bd3 Re8 9. h4 Bf8 10. Be5 g6 11. a3 Bg7 12. Qc2 Nxe5 13. Nxe5 Nd7 14. f4 c6 15. h5 Nxe5 16. dxe5 b6 17. hxg6 hxg6 18. Na4 bxc5 19. Qxc5 Bf8 20. Qc3 Rb8 21. b4 Bb7 22. Kf2 Rc8 23. Nc5 Bxc5 24. Qxc5 Kg7 25. Rh3 Rh8 26. Rxh8 Kxh8 27. Rh1+ Kg7 28. Qa7 Rb8 29. Bxa6 Bxa6 30. Qxa6 Ra8 31. Qd3 Qb6 32. g4 c5 33. bxc5 Qxc5 34. Ra1 Ra4 35. Kf3 Rc4 36. a4 Rc3 37. Qd2 d4 38. Re1 d3 39. Kg3 Ra3 40. Rc1 Qd5 41. Qg2 Qxg2+ 42. Kxg2 Rxa4 43. Rd1 Ra3 44. g5 Kf8 45. Kf3 Ke7 46. Ke4 Rb3 47. Rxd3 Rb5 48. Kf3 Rc5 49. Ra3 Rc7 50. Kg4 Rb7 51. Ra4 Rc7 52. e4 Rb7 53. f5 exf5+ 54. exf5 gxf5+ 55. Kxf5 Rc7 56. Ra6 Rb7 57. Rh6 Rb1 58. Rh4 Rf1+ 59. Rf4 Rc1 60. Ra4 Rc7 61. Ra6 Rb7 62. g6 fxg6+ 63. Kxg6 Rc7 64. Kf5 Rb7 65. Rh6 Rb1 66. Rh7+ Kf8 67. Kf6 Rf1+ 68. Ke6 Rd1 69. Rd7 Rf1 70. Rd3 Ke8 71. Ra3 Kd8 72. Ra8+ Kc7 73. Ke7 Kc6 74. e6 Kc7 75. Ra3 Rh1 76. Rc3+ Kb7 77. Kd8 Rh8+ 78. Kd7 Kb8 79. e7 Rh7 80. Kd8 1-0

[Event "Santo Domingo Duarte Memorial 5th"]
[Site "Santo Domingo"]
[Date "2016.01.09"]
[Round "3"]
[White "Brito Cedeno, Pedro Maria"]
[Black "Guzman Cabrera, Jose Francisco"]
[Result "1-0"]
[WhiteElo "1901"]
[BlackElo "1879"]
[PlyCount "41"]
[EventDate "2016.01.08"]
[EventType "swiss"]
[EventRounds "8"]
[EventCountry "DOM"]
[SourceTitle "CBM 170 Extra"]
[Source "ChessBase"]
[SourceDate "2016.02.25"]
[SourceVersion "1"]
[SourceVersionDate "2016.02.25"]
[SourceQuality "1"]

1. d4 e6 2. c4 d5 3. Nc3 h6 4. Nf3 Nf6 5. Bf4 c5 6. e3 a6 7. Bd3 Nc6 8. 0-0 Be7 9. Rc1 Qb6 10. dxc5 Qxc5 11. cxd5 Nxd5 12. Nxd5 Qxd5 13. Bc4 Qh5 14. Be2 Qf5 15. a3 0-0 16. Bd3 Qf6 17. Rxc6 bxc6 18. Be5 Qxe5 19. Nxe5 Bf6 20. Nc4 c5 21. Qc2 1-0

[Event "Santo Domingo op U2100 2nd"]
[Site "Santo Domingo"]
[Date "2015.06.21"]
[Round "4"]
[White "Del Rosario Moreno, Carlos"]
[Black "Brito Cedeno, Pedro Maria"]
[Result "1-0"]
[WhiteElo "2049"]
[BlackElo "1917"]
[PlyCount "119"]
[EventDate "2015.06.19"]
[EventType "swiss"]
[EventRounds "8"]
[EventCountry "DOM"]
[SourceTitle "CBM 167 Extra"]
[Source "ChessBase"]
[SourceDate "2015.09.14"]
[SourceVersion "1"]
[SourceVersionDate "2015.09.14"]
[SourceQuality "1"]

1. d4 d5 2. c4 e6 3. Nc3 Nf6 4. Nf3 Be7 5. Bg5 Nbd7 6. e3 a6 7. c5 0-0 8. Bd3 Re8 9. 0-0 c6 10. h3 Nf8 11. Ne5 N6d7 12. Bxe7 Qxe7 13. b4 f6 14. Nxd7 Bxd7 15. e4 Rad8 16. f4 f5 17. e5 Qh4 18. Kh2 g5 19. g3 Qh6 20. Be2 Re7 21. Qd2 gxf4 22. Qxf4 Qxf4 23. Rxf4 Ng6 24. Rf2 Rg7 25. a4 Rf8 26. Raf1 Rgf7 27. Bh5 Kg7 28. Ne2 Kh6 29. g4 Re7 30. Bxg6 hxg6 31. a5 Rg8 32. Rg1 Kh7 33. gxf5 gxf5 34. Rfg2 Reg7 35. Rxg7+ Rxg7 36. Rxg7+ Kxg7 37. Nf4 Kh6 38. Kg3 Kg5 39. h4+ Kh6 40. Ne2 Kh5 41. Nc3 Be8 42. Na4 f4+ 43. Kxf4 Kxh4 44. Nb6 Kh5 45. Nc8 Bd7 46. Nd6 Kg6 47. Nxb7 Kf7 48. Kg5 Ke7 49. Kg6 Be8+ 50. Kg7 Bh5 51. Nd6 Bg4 52. Nf7 Bh3 53. Nh6 Bg2 54. Ng8+ Ke8 55. Kf6 Kd7 56. Ne7 Bh3 57. Ng6 Bf5 58. Nf8+ Ke8 59. Nxe6 Bxe6 60. Kxe6 1-0